[Event "Southfield Tornado"]
[Site "Southfield, Mich."]
[Date "1986.12.14"]
[Round "3"]
[White "Moody, David"]
[Black "Mason, Aaron"]
[Result "1/2-1/2"]
[WhiteElo "2006"]
[BlackElo "1887"]
[PlyCount "80"]
[EventDate "1986.12.14"]

1. e4 c6 2. d3 d5 3. Nd2 e5 4. g3 Nf6 5. Bg2 d4 6. Nc4 Qc7 7. f4 Bb4+ 8. Bd2
Bg4 9. Nf3 Bxd2+ 10. Qxd2 Bxf3 11. Bxf3 Nbd7 12. O-O O-O 13. Bg2 h6 14. fxe5
Nxe5 15. Nxe5 Qxe5 16. Rf5 Qe7 17. Raf1 b6 18. Rxf6 gxf6 19. Qxh6 f5 20. Rxf5
f6 21. Rh5 Qg7 22. Qf4 Rae8 23. Bh3 Re5 24. Bf5 Rf7 25. Qh4 Kf8 26. g4 Ke7 27.
g5 fxg5 28. Rxg5 Qf6 29. Qf4 Rg7 30. h4 Rxg5+ 31. hxg5 Qg7 32. g6 c5 33. Qh4+
Kf8 34. Kf2 Re7 35. Kf3 Qe5 36. Qh6+ Kg8 37. Qf4 Qf6 38. Kg4 Kf8 39. Qh6+ Kg8
40. Qf4 Kf8 1/2-1/2

[Event "Southfield Tornado"]
[Site "Southfield, Mich."]
[Date "1986.12.14"]
[Round "1"]
[White "Moody, David"]
[Black "LaForge, Thomas"]
[Result "1-0"]
[WhiteElo "2006"]
[BlackElo "1892"]
[PlyCount "57"]
[EventDate "1986.12.14"]

1. e4 c5 2. Nf3 d6 3. d4 cxd4 4. Nxd4 Nf6 5. Nc3 a6 6. Bg5 e6 7. f4 Be7 8. Qf3
Qc7 9. O-O-O Nbd7 10. g4 b5 11. Bxf6 gxf6 12. Bg2 Bb7 13. Rhe1 O-O-O 14. Qe2
Nc5 15. e5 fxe5 16. Bxb7+ Qxb7 17. fxe5 d5 18. Rf1 Bg5+ 19. Kb1 b4 20. Ncb5
axb5 21. Nxb5 Ne4 22. Rd4 Rd7 23. Rxb4 Kd8 24. a3 Qc8 25. Nd6 Nxd6 26. exd6 Rf8
27. Qxe6 Qa6 28. Rb8+ Qc8 29. Rxc8+ 1-0

[Event "Southfield Tornado"]
[Site "Southfield, Mich."]
[Date "1986.12.14"]
[Round "4"]
[White "Moody, David"]
[Black "Jackson, James"]
[Result "1-0"]
[WhiteElo "2006"]
[BlackElo "1928"]
[PlyCount "85"]
[EventDate "1986.12.14"]

1. Nf3 d5 2. g3 c6 3. Bg2 g6 4. O-O Bg7 5. d3 Nf6 6. Nbd2 O-O 7. e4 e6 8. e5
Nfd7 9. Re1 Qc7 10. Qe2 c5 11. Nf1 Nc6 12. Bf4 h6 13. h4 b6 14. c3 Bb7 15. N1h2
h5 16. g4 hxg4 17. Nxg4 Ne7 18. Nh6+ Kh8 19. h5 Nf5 20. Nxf5 exf5 21. h6 Qc6
22. hxg7+ Kxg7 23. d4 Rh8 24. Ng5 Rh4 25. Bg3 Rh5 26. e6 Nf6 27. Nxf7 Ng4 28.
Ne5 Qxe6 29. Nxg4 Qxe2 30. Rxe2 fxg4 31. Re7+ Kf6 32. Rxb7 Re8 33. Be5+ Kg5 34.
Bxd5 cxd4 35. cxd4 Rh3 36. Rc1 Rd3 37. Rc6 Rd1+ 38. Kg2 Rd2 39. Rg7 Rf8 40.
Rcxg6+ Kh5 41. Rg5+ Kh6 42. R7g6+ Kh7 43. Bg8+ 1-0

[Event "Southfield Tornado"]
[Site "Southfield, Mich."]
[Date "1986.12.14"]
[Round "2"]
[White "Finegold, Ben"]
[Black "Moody, David"]
[Result "1-0"]
[WhiteElo "2370"]
[BlackElo "2006"]
[PlyCount "51"]
[EventDate "1986.12.14"]

1. d4 Nf6 2. Nf3 e6 3. Bg5 c5 4. e3 Qb6 5. Nbd2 Qxb2 6. Bd3 Nc6 7. O-O d5 8. c4
Be7 9. dxc5 Bxc5 10. Rb1 Qxa2 11. Bxf6 gxf6 12. Nb3 Bb4 13. cxd5 Na5 14. Bb5+
Ke7 15. Nbd4 Bc3 16. Qd3 Bxd4 17. Nxd4 b6 18. d6+ Kf8 19. Nc6 Bb7 20. Nxa5 Qxa5
21. d7 Ke7 22. Rfd1 a6 23. Bc6 Bxc6 24. Qd6+ Kd8 25. Qxc6 b5 26. Qxa8+ 1-0

[Event "Indiana State Championship"]
[Site "Ft. Wayne, Ind."]
[Date "1986.12.27"]
[Round "3"]
[White "Tate, Emory"]
[Black "Moody, David"]
[Result "1-0"]
[WhiteElo "2320"]
[BlackElo "2006"]
[PlyCount "57"]
[EventDate "1986.12.27"]

1. e4 e5 2. Nc3 Nf6 3. g3 Nc6 4. Bg2 Bc5 5. d3 d6 6. Na4 Bb6 7. Ne2 Bg4 8. f3
Bh5 9. Nxb6 axb6 10. O-O h6 11. g4 Bg6 12. Ng3 Qd7 13. Bd2 Nd4 14. c3 Ne6 15.
Nf5 O-O-O 16. a4 Bxf5 17. gxf5 Nf4 18. Bxf4 exf4 19. Qd2 Nh5 20. c4 Rdg8 21. a5
bxa5 22. Qxa5 Qe7 23. Qb5 c6 24. Ra8+ Kc7 25. Qa5+ Kd7 26. f6 Rxa8 27. Bh3+ Ke8
28. Qxa8+ Qd8 29. Ra1 1-0

[Event "Indiana State Championship"]
[Site "Ft. Wayne, Ind."]
[Date "1986.12.27"]
[Round "1"]
[White "Staples, Christian"]
[Black "Moody, David"]
[Result "0-1"]
[WhiteElo "1684"]
[BlackElo "2006"]
[PlyCount "48"]
[EventDate "1986.12.27"]

1. e4 e5 2. Nc3 Nf6 3. f4 d5 4. fxe5 Nxe4 5. Nf3 Nc6 6. Bd3 Bc5 7. Bxe4 dxe4 8.
Nxe4 Bb6 9. c3 Qd5 10. Qe2 Nxe5 11. d4 Nxf3+ 12. Qxf3 Be6 13. O-O O-O-O 14. Ng5
Qxf3 15. Rxf3 Bd5 16. Rf4 f6 17. Nf3 Rhe8 18. Kf2 Rd6 19. Ng1 c5 20. Be3 Rde6
21. dxc5 Bc7 22. Rd4 Rxe3 23. Rxd5 Bxh2 24. Rad1 Bg3+ 0-1

[Event "Indiana State Championship"]
[Site "Ft. Wayne, Ind."]
[Date "1986.12.27"]
[Round "2"]
[White "Moody, David"]
[Black "Bousum, Joshua"]
[Result "1-0"]
[WhiteElo "2006"]
[BlackElo "2160"]
[PlyCount "99"]
[EventDate "1986.12.27"]

1. e4 Nf6 2. Nc3 d5 3. e5 Ne4 4. Nce2 d4 5. d3 Nc5 6. Nf3 Ne6 7. g3 c5 8. Bg2
Nc6 9. O-O Qc7 10. Bf4 g6 11. c3 dxc3 12. bxc3 Nxf4 13. gxf4 Bg7 14. Ng3 Bg4
15. d4 O-O 16. Qc2 Rfd8 17. Rfd1 e6 18. h3 Bxf3 19. Bxf3 Ne7 20. Qb3 Nd5 21.
Bxd5 Rxd5 22. f5 c4 23. Qc2 exf5 24. Kh2 Bh6 25. Nxf5 gxf5 26. Qxf5 Bg7 27. Rg1
Kh8 28. Rxg7 Kxg7 29. Qf6+ Kf8 30. Qh8+ Ke7 31. Qxa8 Rd8 32. Qxa7 Rg8 33. Rb1
Rb8 34. Qa3+ Ke6 35. Qc1 Rg8 36. Qh6+ Rg6 37. Qxh7 Qc6 38. Rg1 Qe4 39. Rxg6+
fxg6 40. Qg8+ Kf5 41. Qf8+ Kg5 42. f4+ Qxf4+ 43. Qxf4+ Kxf4 44. e6 b5 45. e7 b4
46. cxb4 c3 47. e8=Q c2 48. Qc8 Ke3 49. Qxc2 Kxd4 50. Qxg6 1-0

[Event "Indiana State Championship"]
[Site "Ft. Wayne, Ind."]
[Date "1986.12.28"]
[Round "4"]
[White "Moody, David"]
[Black "Roush, John E"]
[Result "0-1"]
[WhiteElo "2006"]
[BlackElo "2104"]
[PlyCount "144"]
[EventDate "1986.12.27"]

1. e4 e5 2. Nf3 Nc6 3. Bb5 a6 4. Ba4 Nf6 5. O-O Nxe4 6. d4 b5 7. Bb3 d5 8. dxe5
Be6 9. c3 Bc5 10. Qe2 O-O 11. Be3 Re8 12. Bxc5 Nxc5 13. Bc2 Bg4 14. h3 Bxf3 15.
Qxf3 Nxe5 16. Qh5 g6 17. Qh6 Qf6 18. Nd2 Qg7 19. Qh4 f5 20. f4 Nc4 21. Nxc4
bxc4 22. Rf3 Re6 23. Kh1 Qe7 24. Qh6 Re8 25. Rg1 Re1 26. Rg3 Rxg1+ 27. Kxg1 Qf6
28. h4 Ne4 29. Bxe4 dxe4 30. h5 Re6 31. hxg6 hxg6 32. Rh3 Qg7 33. Qg5 Rd6 34.
Rh6 Qf6 35. Qg3 Kg7 36. Qh3 Kg8 37. Rh7 Rd8 38. Kf1 Re8 39. Rxc7 Re7 40. Rc8+
Kf7 41. Qh7+ Qg7 42. Qxg7+ Kxg7 43. Rxc4 Rd7 44. Ke2 g5 45. fxg5 Kg6 46. Rc6+
Kxg5 47. Rxa6 Rg7 48. Re6 Kf4 49. Kf2 Rd7 50. g3+ Kg5 51. Rb6 Rd2+ 52. Ke1 Rg2
53. a4 Kg4 54. a5 Kf3 55. Rf6 Rg1+ 56. Kd2 e3+ 57. Kd3 Rd1+ 58. Kc2 e2 59.
Rxf5+ Ke4 60. Rf8 e1=Q 61. Re8+ Kd5 62. Rxe1 Rxe1 63. Kb3 Kc5 64. Kc2 Rg1 65.
Kb3 Rxg3 66. Ka4 Rg4+ 67. b4+ Kc6 68. Kb3 Kb5 69. Ka3 Rh4 70. Kb3 Rh3 71. Kc2
Kc4 72. Kb2 Rxc3 0-1

[Event "Indiana State Championship"]
[Site "Ft. Wayne, Ind."]
[Date "1986.12.28"]
[Round "5"]
[White "Moody, David"]
[Black "Oxley, Jamie"]
[Result "1/2-1/2"]
[WhiteElo "2006"]
[BlackElo "1783"]
[PlyCount "55"]
[EventDate "1986.12.27"]

1. e4 Nc6 2. Nc3 Nf6 3. d4 e5 4. Nf3 exd4 5. Nxd4 Bb4 6. Nxc6 Bxc3+ 7. bxc3
bxc6 8. Bd3 h6 9. e5 Nd5 10. Qg4 g5 11. O-O d6 12. Qd4 Rf8 13. Re1 Be6 14. exd6
cxd6 15. Qg7 Qf6 16. Qxf6 Nxf6 17. Rb1 Ke7 18. Rb7+ Nd7 19. h4 Rfb8 20. Rxb8
Rxb8 21. hxg5 hxg5 22. Bxg5+ f6 23. Bh4 Kf7 24. Bg3 Ne5 25. f3 Rb2 26. a4 Nxd3
27. cxd3 Ke7 28. Re4 1/2-1/2

[Event "Lansing (MI Op/1b/23)"]
[Site "?"]
[Date "1987.??.??"]
[Round "?"]
[White "Wysocki, Jason"]
[Black "Thomas, Henry"]
[Result "1-0"]
[WhiteElo "1930"]
[BlackElo "1690"]
[PlyCount "53"]
[EventDate "1987.??.??"]

1. e4 e5 2. Nf3 Nf6 3. Bc4 Nxe4 4. Nc3 Nxc3 5. dxc3 Be7 6. Nxe5 O-O 7. O-O d6
8. Ng4 Nd7 9. f4 Nf6 10. Ne3 Be6 11. Bd3 Qc8 12. f5 Bd7 13. Qf3 Bc6 14. Qg3 Ne4
15. Qh3 Bf6 16. Ng4 Qd8 17. Bf4 Rc8 18. Rae1 Re8 19. Qh5 d5 20. Bxe4 Rxe4 21.
Rxe4 dxe4 22. Nxf6+ Qxf6 23. Bg5 Qe5 24. f6 h6 25. fxg7 Bd5 26. Qh3 Re8 27. Bf6
1-0

[Event "Allendale (MI Am/3/11)"]
[Site "?"]
[Date "1987.??.??"]
[Round "?"]
[White "Wysocki, Jason"]
[Black "Starr, J.."]
[Result "0-1"]
[WhiteElo "1700"]
[BlackElo "1605"]
[PlyCount "65"]
[EventDate "1987.??.??"]

{3/(11)} 1. e4 c5 2. Nf3 d6 3. d4 cxd4 4. Nxd4 Nf6 5. Nc3 g6 6. Bc4 Bg7 7. Be3
O-O 8. f3 Nc6 9. Qd2 Bd7 10. O-O-O Rc8 11. Bb3 Qa5 12. Kb1 Ne5 13. Qe2 a6 14.
g4 Rc7 15. h4 Rfc8 16. h5 Nc4 17. hxg6 hxg6 18. g5 Nh5 19. Rxh5 Nxe3 20. Qxe3
Rxc3 21. bxc3 Rxc3 22. Qd2 Bxd4 23. Qxd4 gxh5 24. g6 Be6 25. gxf7+ Kxf7 26. Rg1
Qe5 27. Bxe6+ Kxe6 28. Rg6+ Kd7 29. Qa4+ Qb5+ 30. Qxb5+ axb5 31. Rh6 Rxf3 32.
Rxh5 e5 33. Rh4 0-1

[Event "Lansing (MI Op/6/20)"]
[Site "?"]
[Date "1987.??.??"]
[Round "?"]
[White "Wysocki, Jason"]
[Black "Raftshol, W.."]
[Result "1-0"]
[WhiteElo "1930"]
[BlackElo "1795"]
[PlyCount "87"]
[EventDate "1987.??.??"]

{6/(20)} 1. e4 c5 2. Nf3 d6 3. d4 cxd4 4. Nxd4 Nf6 5. Nc3 g6 6. Bc4 Bg7 7. f3
O-O 8. Be3 Nc6 9. Qd2 e6 10. Bb3 d5 11. exd5 exd5 12. Nde2 Be6 13. O-O-O Qe7
14. Bh6 Na5 15. g4 Nxb3+ 16. axb3 Rfd8 17. h4 d4 18. Nxd4 Rxd4 19. Qxd4 Bxh6+
20. g5 Bg7 21. gxf6 Bxf6 22. Nd5 Bxd5 23. Qxd5 Bxh4 24. Rdg1 Re8 25. Qh5 Bf6
26. Qxh7+ Kf8 27. Kb1 Qe5 28. Qh6+ Bg7 29. Qc1 Qf6 30. Rf1 a5 31. f4 a4 32.
bxa4 b5 33. axb5 Qf5 34. b6 Rb8 35. Qe3 Qb5 36. Qb3 Qc6 37. Qb4+ Kg8 38. Rd1
Bf8 39. Qd4 Bg7 40. Qd6 Qc8 41. f5 gxf5 42. Rdg1 Ra8 43. Rxg7+ Kxg7 44. Qh6+
1-0

[Event "Allendale (MI Am/1/15)"]
[Site "?"]
[Date "1987.??.??"]
[Round "?"]
[White "Wysocki, Jason"]
[Black "Dannis, C.."]
[Result "1-0"]
[WhiteElo "1700"]
[BlackElo "1605"]
[PlyCount "63"]
[EventDate "1987.??.??"]

{1/(15)} 1. e4 e5 2. Nf3 Nc6 3. c3 f5 4. d4 d6 5. Bd3 Bd7 6. O-O f4 7. Bb5 Nf6
8. Bxc6 Bxc6 9. dxe5 dxe5 10. Nxe5 Bxe4 11. Bxf4 Bd6 12. Qb3 Bd5 13. Qb5+ c6
14. Qxb7 Rc8 15. c4 c5 16. cxd5 O-O 17. Nc6 Qe8 18. Bxd6 Rf7 19. Ne7+ Kh8 20.
Qxc8 Rf8 21. Qxc5 Ne4 22. Qb4 Qf7 23. Qxe4 Re8 24. Nc3 Rd8 25. Ba3 a6 26. Qe6
Qf4 27. d6 Qd4 28. Rad1 Qb6 29. Ncd5 Qa7 30. Nf4 Rf8 31. Nfg6+ hxg6 32. Qh3#
1-0

[Event "Lansing (MI Op/3/15)"]
[Site "?"]
[Date "1987.??.??"]
[Round "?"]
[White "Wysocki, Jason"]
[Black "Cunningham, R.."]
[Result "0-1"]
[WhiteElo "1930"]
[BlackElo "2185"]
[PlyCount "136"]
[EventDate "1987.??.??"]

{3/(15)} 1. e4 Nf6 2. e5 Nd5 3. d4 d6 4. c4 Nb6 5. exd6 cxd6 6. Nc3 g6 7. Nf3
Bg7 8. Be2 O-O 9. O-O Nc6 10. Be3 Bg4 11. b3 d5 12. c5 Nc8 13. h3 Bxf3 14. Bxf3
e6 15. Ne2 N8e7 16. Ng3 Nf5 17. Nxf5 gxf5 18. Qd3 Qf6 19. Rac1 Nxd4 20. Bxd4
Qxd4 21. Qxd4 Bxd4 22. Rfd1 Be5 23. c6 bxc6 24. Rxc6 Rfc8 25. Ra6 Rc7 26. g3
Rb8 27. Rd2 Bc3 28. Rd3 d4 29. g4 fxg4 30. hxg4 Rb6 31. Rxb6 axb6 32. Be4 f6
33. Kf1 b5 34. a4 bxa4 35. bxa4 Kg7 36. Rd1 Rc5 37. Rb1 f5 38. gxf5 exf5 39.
Rb7+ Kf6 40. Bd3 h6 41. Kg2 Bd2 42. Rb5 Rxb5 43. axb5 Ba5 44. f3 Kg5 45. Bc4
Bd8 46. Kg3 Bc7+ 47. Kg2 Kf4 48. Kf2 h5 49. Bd3 Bd8 50. Bc2 Ke5 51. Bd3 f4 52.
Be4 Bb6 53. Bd3 Kd5 54. Ke2 h4 55. Bf5 Kc4 56. Bd7 d3+ 57. Kd2 Kd4 58. Bf5 Ba5+
59. Kd1 Ke3 60. Bg4 d2 61. Bh3 Kxf3 62. b6 Kg3 63. b7 Bc7 64. Bf5 h3 65. Kxd2
h2 66. Be4 f3 67. b8=Q Bxb8 68. Bxf3 Kxf3 0-1

[Event "Lansing (MI Op/4/8)"]
[Site "?"]
[Date "1987.??.??"]
[Round "?"]
[White "Wygrecki, J.."]
[Black "Ward, Tom"]
[Result "0-1"]
[WhiteElo "2275"]
[BlackElo "1965"]
[PlyCount "132"]
[EventDate "1987.??.??"]

{4/(8)} 1. Nf3 Nf6 2. b4 e6 3. a3 d5 4. Bb2 c5 5. bxc5 Bxc5 6. e3 Nc6 7. Be2
O-O 8. O-O d4 9. exd4 Nxd4 10. Bd3 b6 11. c3 Nxf3+ 12. Qxf3 Rb8 13. Bc2 Bb7 14.
Qh3 e5 15. d3 Re8 16. Nd2 Ba6 17. Rfe1 Bc8 18. Qh4 Ng4 19. Qxd8 Bxf2+ 20. Kf1
Rxd8 21. Re4 Bc5 22. d4 f5 23. Bb3+ Kh8 24. Re2 Ba6 25. h3 Ne3+ 26. Kf2 exd4
27. cxd4 Bxe2 28. Kxe3 Re8+ 29. Kf2 Bd6 30. Nc4 Bxc4 31. Bxc4 Rbc8 32. Bd3 Rcd8
33. Kf3 f4 34. Be4 g5 35. a4 h5 36. Re1 Kg7 37. Re2 Kf6 38. Re1 Re7 39. d5+ Be5
40. Ba3 Bd6 41. Bxd6 Rxd6 42. Rc1 Ke5 43. Re1 Kd4 44. Rd1+ Kc3 45. Rb1 Rf6 46.
Re1 Kd4 47. Re2 a6 48. Kf2 g4 49. Re1 Kc5 50. hxg4 hxg4 51. g3 Re5 52. Rc1+ Kd4
53. Bg2 f3 54. Bf1 Kxd5 55. Bxa6 Rh5 56. Bf1 Rh2+ 57. Ke3 Ke5 58. Rc8 f2 59.
Re8+ Kd6 60. Rd8+ Ke7 61. Rd2 Rf3+ 62. Ke4 Rxg3 63. Re2 Rg1 64. Kf5+ Kf7 65.
Rc2 Rxf1 66. Rc7+ Ke8 0-1

[Event "East Detroit (MEX/4)"]
[Site "?"]
[Date "1987.??.??"]
[Round "?"]
[White "Wygrecki, J.."]
[Black "Noren, Kevin"]
[Result "1-0"]
[WhiteElo "2205"]
[BlackElo "2185"]
[PlyCount "71"]
[EventDate "1987.??.??"]

1. Nf3 e6 2. e4 d5 3. Nc3 Nf6 4. Qe2 c5 5. e5 Nfd7 6. d3 Nc6 7. a4 Be7 8. g3
O-O 9. Bg2 a6 10. Bf4 Rb8 11. O-O b5 12. axb5 axb5 13. b3 b4 14. Nd1 Nd4 15.
Nxd4 cxd4 16. Nb2 Bb7 17. Na4 Bc6 18. Bd2 Qc7 19. f4 Bxa4 20. Rxa4 Nb6 21. Ra2
Ra8 22. Rfa1 Rxa2 23. Rxa2 Ra8 24. Rxa8+ Nxa8 25. Be1 Qa7 26. f5 Qa1 27. fxe6
fxe6 28. h4 Nc7 29. Kh2 Qc1 30. Bf2 Bc5 31. Bh3 Qh6 32. Qd1 Kf7 33. Kg2 Ke7 34.
Qa1 Qd2 35. Qa5 Qxc2 36. Qxc7+ 1-0

[Event "East Detroit (MEX/1)"]
[Site "?"]
[Date "1987.??.??"]
[Round "?"]
[White "Wygrecki, J.."]
[Black "Haluska, James"]
[Result "1-0"]
[WhiteElo "2205"]
[BlackElo "2110"]
[PlyCount "87"]
[EventDate "1987.??.??"]

1. Nf3 Nf6 2. b4 g6 3. Bb2 Bg7 4. g3 O-O 5. Bg2 d6 6. O-O c6 7. c4 Qb6 8. Qb3
Na6 9. Bc3 e5 10. d3 Be6 11. Ng5 Bg4 12. Qb2 Rad8 13. h3 Bc8 14. Nd2 Rfe8 15.
Rab1 Nh5 16. Kh2 Qc7 17. b5 Nc5 18. Qa3 Bh6 19. h4 f6 20. Nge4 Ne6 21. bxc6
bxc6 22. Ba5 Qd7 23. Bxd8 Rxd8 24. Nf3 Bf8 25. Qa5 Be7 26. Rb8 d5 27. cxd5 cxd5
28. Nc3 Bc5 29. Nxd5 Qxd5 30. Ng5 Qxg2+ 31. Kxg2 fxg5 32. Rc1 Bb6 33. Qxe5 Bd4
34. Qxe6+ Bxe6 35. Rxd8+ Kf7 36. Rxd4 Bxa2 37. hxg5 Be6 38. Rc7+ Ke8 39. Rb4
Kd8 40. Rxh7 Kc8 41. g4 a5 42. Rd4 Bd5+ 43. f3 Bg8 44. Rh8 1-0

[Event "East Detroit (MEX/3)"]
[Site "?"]
[Date "1987.??.??"]
[Round "?"]
[White "Wygrecki, J.."]
[Black "Hahn, David"]
[Result "1-0"]
[WhiteElo "2205"]
[BlackElo "2160"]
[PlyCount "209"]
[EventDate "1987.??.??"]

1. e4 g6 2. d4 Bg7 3. Nc3 d6 4. Be2 Nf6 5. h4 Nc6 6. h5 gxh5 7. Be3 Ng4 8. Rxh5
Nxe3 9. fxe3 Bd7 10. Bc4 e6 11. Qe2 Qe7 12. O-O-O O-O-O 13. a3 Rdg8 14. Nf3 Be8
15. Rdh1 f5 16. exf5 d5 17. Bd3 Bxh5 18. Rxh5 Kb8 19. fxe6 Qxe6 20. Nxd5 Re8
21. Kd2 Bh6 22. c4 Rhf8 23. g4 Qxg4 24. Rxh6 Rxf3 25. Nf6 Qg3 26. Nxe8 Rf2 27.
Rxh7 Rxe2+ 28. Bxe2 a5 29. Nxc7 Kc8 30. Nb5 a4 31. c5 Na5 32. Rf7 Nb3+ 33. Kd1
Qg1+ 34. Rf1 Qxe3 35. Nd6+ Kd7 36. Bb5+ Ke6 37. Re1 Qxe1+ 38. Kxe1 Nxd4 39.
Nxb7 Nxb5 40. Kd2 Kd5 41. Kd3 Nc7 42. Kc3 Na6 43. Nd8 Kxc5 44. Ne6+ Kd5 45.
Nf4+ Kc5 46. Nd3+ Kb5 47. Kd4 Nb8 48. Ne5 Na6 49. Nc4 Kc6 50. Ne3 Kb5 51. Nd5
Nb8 52. Nc3+ Ka5 53. Ne4 Nc6+ 54. Kd5 Nb4+ 55. Kc4 Nc6 56. Nd6 Kb6 57. Nf7 Ka5
58. Kc5 Nb8 59. Ne5 Na6+ 60. Kc4 Nb8 61. Nf7 Nc6 62. Nd6 Nb8 63. Nb5 Nc6 64.
Nc3 Ne5+ 65. Kd4 Nf3+ 66. Kc5 Ne5 67. Nd1 Nd3+ 68. Kd4 Nc1 69. Kc4 Nb3 70. Nc3
Nd2+ 71. Kd3 Nb3 72. Ne2 Nc5+ 73. Kc4 Ne4 74. Nd4 Nd2+ 75. Kd3 Nf1 76. Nf5 Kb5
77. Nd6+ Kc6 78. Ne4 Kb5 79. Kd4 Ka5 80. Kc5 Ne3 81. Nd6 Nc2 82. Nc4+ Ka6 83.
Ne5 Ne3 84. Kb4 Kb7 85. Kxa4 Kb6 86. b4 Nc2 87. Nf3 Ne3 88. Kb3 Nd5 89. a4 Ka6
90. Nd2 Kb6 91. Ne4 Ka6 92. a5 Ne3 93. Ka4 Nd5 94. b5+ Kb7 95. Nc5+ Kc7 96. Nd3
Kb7 97. Ne5 Ka7 98. Nc4 Nc3+ 99. Kb4 Nd5+ 100. Kc5 Ne7 101. Kd6 Nf5+ 102. Kc7
Ng7 103. b6+ Ka6 104. b7 Ne8+ 105. Kc8 1-0

[Event "Lansing (MI Op/2/2)"]
[Site "?"]
[Date "1987.??.??"]
[Round "?"]
[White "Wygrecki, J.."]
[Black "Everett, Morgan"]
[Result "1-0"]
[WhiteElo "2275"]
[BlackElo "2060"]
[PlyCount "135"]
[EventDate "1987.??.??"]

{2/(2)} 1. Nf3 Nf6 2. b4 e6 3. a3 b6 4. g3 Bb7 5. Bg2 Be7 6. O-O d6 7. c4 O-O
8. d3 Nfd7 9. Bb2 Bf6 10. Nc3 Re8 11. Qc2 Nf8 12. e4 Nbd7 13. d4 Ng6 14. Rfd1
Qc8 15. h4 e5 16. d5 Ndf8 17. c5 Qg4 18. Nh2 Qc8 19. c6 Ba6 20. b5 Bxb5 21.
Nxb5 a6 22. Nc3 h6 23. Nf1 Ne7 24. Bc1 Nh7 25. Qe2 Rf8 26. Kh2 Kh8 27. Bh3 Qd8
28. Ne3 g6 29. Ng4 h5 30. Nxf6 Nxf6 31. Bh6 Re8 32. Qf3 Neg8 33. Bg5 Kg7 34.
Rab1 Qe7 35. Qe2 Qf8 36. f3 Nh7 37. Bd7 Reb8 38. Be3 Qe7 39. Na2 Nf8 40. Bh3
Ra7 41. Nb4 Rba8 42. a4 a5 43. Nc2 Re8 44. Na3 Raa8 45. Nb5 Reb8 46. Rg1 Nh7
47. Bd7 Qd8 48. Qf2 Ngf6 49. Bh3 Qe7 50. Rg2 Re8 51. Qd2 Qd8 52. Nxc7 Qxc7 53.
Bxb6 Qe7 54. Bxa5 Qa7 55. Rb5 Nf8 56. Qb4 Qe3 57. Qc3 Qxc3 58. Bxc3 Rxa4 59.
Bb4 g5 60. hxg5 N6h7 61. f4 exf4 62. gxf4 Ng6 63. Bxd6 Raxe4 64. c7 Rc4 65. Rb8
Rxc7 66. Bxc7 Re3 67. Rf2 Rd3 68. d6 1-0

[Event "Hazel Park (MCO/6/36)"]
[Site "?"]
[Date "1987.??.??"]
[Round "?"]
[White "Wright, Walter"]
[Black "Nikitin, Mike"]
[Result "1/2-1/2"]
[WhiteElo "1655"]
[BlackElo "1605"]
[PlyCount "60"]
[EventDate "1987.??.??"]

{6/(36)} 1. e4 e6 2. c3 d5 3. exd5 exd5 4. d4 Nf6 5. Nf3 Bg4 6. Be2 Nc6 7. O-O
Bd6 8. Bg5 h6 9. Bxf6 Qxf6 10. Ne1 Bxe2 11. Qxe2+ Qe7 12. Qb5 O-O-O 13. Nd3
Rhe8 14. Nc5 Bxc5 15. dxc5 a6 16. Qa4 Qxc5 17. Qg4+ Kb8 18. Qxg7 Qf8 19. Qxf8
Rxf8 20. Nd2 d4 21. cxd4 Nxd4 22. Nc4 f5 23. f4 h5 24. Kf2 h4 25. h3 Rg8 26.
Ne5 Ne2 27. Kxe2 Rxg2+ 28. Rf2 Rxf2+ 29. Kxf2 Rd2+ 30. Kg1 Rxb2 1/2-1/2

[Event "Hazel Park (MCO/4/46)"]
[Site "?"]
[Date "1987.??.??"]
[Round "?"]
[White "Wright, Walter"]
[Black "Metzelaar, J.."]
[Result "1/2-1/2"]
[WhiteElo "1650"]
[BlackElo "1605"]
[PlyCount "137"]
[EventDate "1987.??.??"]

{4/(46)} 1. e4 e5 2. Bc4 d6 3. c3 Nc6 4. Qb3 Qf6 5. Nf3 h6 6. d3 Rb8 7. Be3 a6
8. Bd5 Nge7 9. Qc4 Bd7 10. d4 exd4 11. cxd4 Be6 12. Nc3 Kd7 13. Bxc6+ bxc6 14.
Qxa6 Rxb2 15. O-O Rb4 16. Rfb1 Bc4 17. Qa8 Rxb1+ 18. Rxb1 Nc8 19. Rb8 Nb6 20.
Qa7 Nc8 21. Qa4 Nb6 22. Rxb6 cxb6 23. Qxc4 b5 24. Qb3 Be7 25. Qa3 Rc8 26. Qa5
Bd8 27. Qb4 Ra8 28. e5 Qg6 29. exd6 Qxd6 30. Ne5+ Kc7 31. Qb3 Qe6 32. Qxe6 fxe6
33. Bf4 Kb7 34. Nd7 Kc8 35. Nc5 b4 36. N3e4 Bc7 37. Bxc7 Kxc7 38. Nxe6+ Kd7 39.
N6c5+ Ke8 40. Nd6+ Ke7 41. Nf5+ Kf6 42. g4 Rxa2 43. Ne4+ Kf7 44. Nfd6+ Kg8 45.
Nc4 b3 46. Ned2 Rc2 47. Nxb3 Rxc4 48. Na5 Rxd4 49. Nxc6 Rxg4+ 50. Kf1 Rc4 51.
Ne5 Rc2 52. Kg2 Kh7 53. Kg3 g5 54. h3 Kg7 55. Ng4 h5 56. Nh2 Kf6 57. Nf1 Rc3+
58. Kg2 Ke5 59. Ne3 Ke4 60. Kg3 Ra3 61. Kg2 Ra5 62. Nf1 Kf4 63. Ng3 g4 64. Ne2+
Kg5 65. hxg4 hxg4 66. Ng3 Ra2 67. Nf1 Kf4 68. Ng3 Rb2 69. Nf1 1/2-1/2

[Event "Hazel Park (MCO/2/42)"]
[Site "?"]
[Date "1987.??.??"]
[Round "?"]
[White "Wright, Walter"]
[Black "Cowan, W.."]
[Result "0-1"]
[WhiteElo "1655"]
[BlackElo "1605"]
[PlyCount "66"]
[EventDate "1987.??.??"]

{2/(42)} 1. e4 c5 2. Nf3 d6 3. d4 cxd4 4. Nxd4 Nf6 5. Nc3 e6 6. Be2 a6 7. Be3
Be7 8. O-O Nc6 9. Nxc6 bxc6 10. f4 O-O 11. Rf3 Ng4 12. Qd2 Nxe3 13. Qxe3 Qa5
14. a3 d5 15. b4 Bxb4 16. Rd1 Bc5 17. Rd4 Bxd4 18. Qxd4 c5 19. Qe5 d4 20. Rg3
g6 21. f5 exf5 22. Bh5 f4 23. Bxg6 hxg6 24. Rxg6+ fxg6 25. Qd5+ Kh8 26. Qe5+
Kg8 27. Qd5+ Rf7 28. Qxa8 Qxc3 29. Qxc8+ Kg7 30. h3 Qe1+ 31. Kh2 Qg3+ 32. Kh1
f3 33. Qg4 fxg2+ 0-1

[Event "Hazel Park (MCO/4/10)"]
[Site "?"]
[Date "1987.??.??"]
[Round "?"]
[White "Wilson, Vester"]
[Black "Stefanski, Mark"]
[Result "1-0"]
[WhiteElo "2065"]
[BlackElo "1805"]
[PlyCount "65"]
[EventDate "1987.??.??"]

{4/(10)} 1. e4 e6 2. d4 d5 3. Nc3 Bb4 4. e5 Qd7 5. Qg4 f5 6. Qh5+ g6 7. Qh4 Be7
8. Bg5 b6 9. f4 Ba6 10. Nf3 Bxf1 11. Rxf1 Bxg5 12. Qxg5 a6 13. g4 Qe7 14. gxf5
gxf5 15. Rg1 Nc6 16. Qxg8+ Rxg8 17. Rxg8+ Kd7 18. Rxa8 Qb4 19. O-O-O Qc4 20.
Rh8 b5 21. Rxh7+ Kc8 22. a3 a5 23. Rd3 b4 24. Nd2 Qa6 25. Ncb1 a4 26. h4 b3 27.
Nc3 Kb8 28. h5 Nb4 29. axb4 a3 30. Nxb3 a2 31. h6 c5 32. Nxa2 cxd4 33. Kb1 1-0

[Event "Hazel Park (MCO/6/8)"]
[Site "?"]
[Date "1987.??.??"]
[Round "?"]
[White "Wilson, Vester"]
[Black "Noren, Kevin"]
[Result "1-0"]
[WhiteElo "2065"]
[BlackElo "2240"]
[PlyCount "65"]
[EventDate "1987.??.??"]

{6/(8)} 1. e4 e6 2. d4 d5 3. Nc3 Bb4 4. e5 c5 5. a3 Bxc3+ 6. bxc3 Ne7 7. Qg4
Qc7 8. Qxg7 Rg8 9. Qxh7 cxd4 10. Ne2 Nbc6 11. f4 Bd7 12. Qd3 dxc3 13. Qxc3
O-O-O 14. Rb1 Nf5 15. g3 Kb8 16. Bg2 Nh4 17. Kf2 Nxg2 18. Kxg2 d4 19. Qc5 Bc8
20. Rd1 b6 21. Qc4 Bb7 22. Kg1 Qc8 23. Qa4 f6 24. exf6 e5 25. fxe5 Qh3 26. Bf4
Ka8 27. Rxb6 Rh8 28. Kf2 d3 29. cxd3 Nd4 30. Nxd4 Qg2+ 31. Ke3 Rxh2 32. Rxb7
Kxb7 33. Qc6+ 1-0

[Event "Hazel Park (MCO/2/26)"]
[Site "?"]
[Date "1987.??.??"]
[Round "?"]
[White "Wilson, Vester"]
[Black "Morrow, Chris"]
[Result "1-0"]
[WhiteElo "2065"]
[BlackElo "1685"]
[PlyCount "78"]
[EventDate "1987.??.??"]

{2/(26)} 1. e4 e5 2. Nf3 Nc6 3. d4 exd4 4. c3 dxc3 5. Bc4 h6 6. O-O d6 7. Nxc3
Be6 8. Bxe6 fxe6 9. Qb3 Qc8 10. Re1 Nf6 11. e5 Ng4 12. exd6 Bxd6 13. Rxe6+ Kf8
14. Qd5 Nf6 15. Qf5 Nd8 16. Rxf6+ gxf6 17. Qxf6+ Nf7 18. Nh4 Ke8 19. Bf4 Qd8
20. Re1+ Kf8 21. Bxd6+ cxd6 22. Re7 Rh7 23. Ng6+ Kg8 24. Rxf7 Qxf6 25. Rxf6 Rd8
26. Nd5 Kg7 27. Ngf4 Kg8 28. Ne6 Re8 29. f4 h5 30. f5 Rf7 31. Rg6+ Kh8 32. Nf6
Rxf6 33. Rxf6 d5 34. h3 Re7 35. Rg6 Rd7 36. f6 d4 37. Kf2 d3 38. Ke1 Rf7 39.
Ng5 Rf8 1-0

[Event "Lansing (MI Op/1b/15)"]
[Site "?"]
[Date "1987.??.??"]
[Round "?"]
[White "Wilson, Vester"]
[Black "Grams, Paul"]
[Result "1-0"]
[WhiteElo "2065"]
[BlackElo "1835"]
[PlyCount "59"]
[EventDate "1987.??.??"]

1. e4 c5 2. Nf3 Nc6 3. d4 cxd4 4. Nxd4 Nf6 5. Nc3 e5 6. Ndb5 Bb4 7. Nd6+ Ke7 8.
Nf5+ Kf8 9. Bg5 Bxc3+ 10. bxc3 Qa5 11. Qd6+ Kg8 12. Bxf6 Qxc3+ 13. Ke2 gxf6 14.
Rd1 Nd4+ 15. Rxd4 exd4 16. Nxd4 a5 17. Kd1 Kg7 18. Bd3 Rg8 19. Re1 b5 20. Bxb5
h6 21. Re3 Qa1+ 22. Ke2 Bb7 23. Bd3 Ra6 24. Nf5+ Kh7 25. Bxa6 Bxa6+ 26. Qxa6
Rxg2 27. Rh3 Rg6 28. Qxa5 Qg1 29. Ng3 Rg5 30. Qc3 1-0